Statistics for Cities by Famous Street #2

Click here to take the quiz!

General Stats

  • This quiz has been taken 1,185 times
    (861 since last reset)
  • The average score is 12 of 20

Answer Stats

StreetCity% Correct
BroadwayNew York
98%
Abbey RoadLondon
97%
Hollywood BoulevardLos Angeles
93%
South Las Vegas BlvdLas Vegas
90%
FriedrichstraßeBerlin
84%
Dam StraatAmsterdam
76%
Constitution AvenueWashington
74%
O'Connell StreetDublin
73%
Via del CorsoRome
72%
8 Mile RoadDetroit
57%
Lan Kwai FongHong Kong
56%
Khao San RoadBangkok
52%
Sheikh Zayed RdDubai
52%
Castro StreetSan Francisco
52%
Pike PlaceSeattle
43%
CanalassoVenice
43%
Rodeo DriveBeverly Hills
41%
Orchard RoadSingapore
33%
Yonge StreetToronto
33%
Via DolorosaJerusalem
30%

Score Distribution

Percentile by Number Answered

Percent of People with Each Score

Your Score History

You have not taken this quiz since the last reset